|
|
|
|
| LEADER |
00000nam0a2200000 4500 |
| 001 |
368840 |
| 005 |
20231102012125.0 |
| 035 |
|
|
|a (RuTPU)RU\TPU\retro\26222
|
| 090 |
|
|
|a 368840
|
| 100 |
|
|
|a 20220421d1980 km y0rusy50 ca
|
| 101 |
0 |
|
|a rus
|
| 102 |
|
|
|a KZ
|
| 105 |
|
|
|a a z 001zy
|
| 200 |
1 |
|
|a Статистические свойства химических связей и температурная зависимость скорости эволюции открытых физико-химических систем
|f О. В. Эстерле
|g Казахский научно-исследовательский институт минерального сырья
|
| 210 |
|
|
|a Алма-Ата
|c [Б. и.]
|d 1980
|
| 215 |
|
|
|a 46 с.
|c ил.
|
| 320 |
|
|
|a Библиогр.: с. 42-45
|
| 606 |
1 |
|
|a Химическая связь
|2 stltpush
|3 (RuTPU)RU\TPU\subj\70611
|9 84817
|
| 610 |
1 |
|
|a открытые физико-химические системы
|
| 610 |
1 |
|
|a эволюция
|
| 610 |
1 |
|
|a скорость
|
| 610 |
1 |
|
|a температурная зависимость
|
| 610 |
1 |
|
|a минералогия
|
| 610 |
1 |
|
|a органическая химия
|
| 610 |
1 |
|
|a биохимия
|
| 610 |
1 |
|
|a вещества
|
| 610 |
1 |
|
|a химические превращения
|
| 610 |
1 |
|
|a вероятность
|
| 610 |
1 |
|
|a возможность
|
| 610 |
1 |
|
|a абсолютная температура
|
| 675 |
|
|
|a 544.14
|v 4
|
| 700 |
|
1 |
|a Эстерле
|b О. В.
|g Отто Вильгельмович
|
| 712 |
0 |
2 |
|a Казахский научно-исследовательский институт минерального сырья
|2 stltpush
|3 (RuTPU)RU\TPU\col\8431
|9 24524
|
| 801 |
|
1 |
|a RU
|b 63413507
|c 20220421
|
| 942 |
|
|
|c BK
|